=LDR 00000nam 2200000 4500 =001 INLIS000000000029102 =005 20200916014050 =035 ##$$a 0010-061300000029102 =008 200916################g##########0#ind## =041 ##$$a Ind =082 ##$$a 2x6.4 =090 ##$$a 2x6.4, Rid t =100 ##$$a Ridha, Akram =245 1#$$a Tanggung jawab wanita dalam rumah tangga : $b Antara pekerjaan pendapatan dan pembelanjaan /$c Dr. Akram Ridha ; Penerjemah, A. Khotib, Fedrian Hasmand, Sahri =260 ##$$a Jakarta :$b Amzah,$c 2005 =300 ##$$a xvi, 182 hlm, ; $c 19 x 13 cm. =650 #4$$a Kedudukan wanita =700 #$$a A. Khotib =850 ##$$a NBPNMAT =020 ##$$a 979-9392-45-4 =084 ##$$a 2x6.4 RID t =500 ##$$a Judul asli :Al-Halal Ath-Thayyib; Hatta Yustajab Ad-Du'a Mas'ullyah Al-Mar'ah Nahwa Al-'Amal wa Al-Kasb wa Al-Infaq =990 ##$$a 20800243 =990 ##$$a 20900906 =990 ##$$a 20900905 =990 ##$$a 20900908 =990 ##$$a 20800245 =990 ##$$a 20800246 =990 ##$$a 20800244